[Event "Eger Tel op"]
[Site "Eger"]
[Date "2009.01.31"]
[Round "4"]
[White "Engel, Tibor"]
[Black "Kladiva, Imre"]
[Result "0-1"]
[WhiteElo "1815"]
[BlackElo "2011"]
[PlyCount "66"]
[EventDate "2009.01.29"]
[EventType "swiss"]
[EventRounds "7"]
[EventCountry "HUN"]
[SourceTitle "EXT 2011"]
[Source "ChessBase"]
[SourceDate "2010.11.26"]
[SourceVersion "1"]
[SourceVersionDate "2010.11.26"]
[SourceQuality "1"]

1. d4 Nf6 2. Nf3 e6 3. e3 d5 4. b3 Nc6 5. Nbd2 Bb4 6. a3 Bc3 7. Rb1 0-0 8. Bd3 Qe7 9. 0-0 e5 10. dxe5 Nxe5 11. Nxe5 Bxe5 12. Nf3 Bg4 13. h3 Bxf3 14. Qxf3 Ne4 15. Bxe4 dxe4 16. Qe2 Rad8 17. b4 c6 18. b5 cxb5 19. Qxb5 Rd7 20. Bb2 Bxb2 21. Qxb2 Rfd8 22. c4 b6 23. Qb4 Qe5 24. Rbc1 Rc7 25. Rfd1 Rd3 26. Re1 h5 27. a4 Rc5 28. Red1 Qe6 29. Rxd3 exd3 30. Qc3 Qe4 31. Qd4 Qxd4 32. exd4 Rxc4 33. Ra1 d2 0-1

[Event "Eger Tel op"]
[Site "Eger"]
[Date "2009.01.31"]
[Round "5"]
[White "Kladiva, Imre"]
[Black "Dostan, Janos"]
[Result "1/2-1/2"]
[WhiteElo "2011"]
[BlackElo "2164"]
[PlyCount "31"]
[EventDate "2009.01.29"]
[EventType "swiss"]
[EventRounds "7"]
[EventCountry "HUN"]
[SourceTitle "EXT 2011"]
[Source "ChessBase"]
[SourceDate "2010.11.26"]
[SourceVersion "1"]
[SourceVersionDate "2010.11.26"]
[SourceQuality "1"]

1. e4 d6 2. Nf3 e5 3. d4 exd4 4. Nxd4 Nf6 5. Nc3 Be7 6. Be2 0-0 7. Be3 a6 8. a4 c5 9. Nb3 Nc6 10. f4 Qc7 11. 0-0 Nb4 12. Bf3 Be6 13. f5 Bxb3 14. cxb3 Rfe8 15. Kh1 Rad8 16. Bf4 1/2-1/2

[Event "Eger Tavasz op"]
[Site "Eger"]
[Date "2008.05.03"]
[Round "5"]
[White "Javorszky, Natasa"]
[Black "Kladiva, Imre"]
[Result "0-1"]
[WhiteElo "1525"]
[BlackElo "2000"]
[PlyCount "122"]
[EventDate "2008.05.01"]
[EventType "swiss"]
[EventRounds "7"]
[EventCountry "HUN"]
[SourceTitle "EXT 2011"]
[Source "ChessBase"]
[SourceDate "2010.11.26"]
[SourceVersion "1"]
[SourceVersionDate "2010.11.26"]
[SourceQuality "1"]

1. e4 c5 2. Nc3 e6 3. g3 d5 4. Bg2 d4 5. Nce2 e5 6. d3 Nf6 7. f4 Nc6 8. Nf3 Bd6 9. 0-0 Bd7 10. Qe1 Qc8 11. c3 Ng4 12. c4 0-0 13. f5 b5 14. h3 Ne3 15. Bxe3 dxe3 16. Nc3 bxc4 17. dxc4 Nd4 18. Rc1 Qa6 19. b3 e2 20. Nxe2 Qxa2 21. Nexd4 cxd4 22. Rb1 a5 23. Qc1 Rfe8 24. Rf2 Qa3 25. Qxa3 Bxa3 26. Ne1 Rab8 27. Ra2 Bb4 28. Nd3 Bc3 29. Bf3 Re7 30. Kf1 f6 31. g4 Be8 32. Bd1 Rc7 33. Bc2 a4 34. Ra3 Bc6 35. Nf2 Rcb7 36. Ke2 Bb4 37. Ra2 a3 38. Kf3 Kf8 39. Nd3 Be7 40. Nc1 Be8 41. Ke2 Bf7 42. Kd3 g6 43. Raa1 Kg7 44. Bd1 Rb4 45. Bc2 R4b7 46. Bd1 g5 47. Bc2 h5 48. Bd1 Rb4 49. Bc2 hxg4 50. hxg4 R4b7 51. Bd1 Rh8 52. Kc2 Rh3 53. Na2 Re3 54. b4 Bxc4 55. Kd2 Rb8 56. Rc1 Bf7 57. Rc7 Bd6 58. Rd7 Bf8 59. Rb1 Kg8 60. Nc1 Bxb4+ 61. Kc2 Rc8+ 0-1

[Event "Eger Tavasz op"]
[Site "Eger"]
[Date "2008.05.02"]
[Round "2"]
[White "Kladiva, Imre"]
[Black "Papp Zoltan, Csaba"]
[Result "1-0"]
[WhiteElo "2000"]
[BlackElo "2244"]
[PlyCount "65"]
[EventDate "2008.05.01"]
[EventType "swiss"]
[EventRounds "7"]
[EventCountry "HUN"]
[SourceTitle "EXT 2011"]
[Source "ChessBase"]
[SourceDate "2010.11.26"]
[SourceVersion "1"]
[SourceVersionDate "2010.11.26"]
[SourceQuality "1"]

1. d4 d5 2. Nf3 Nf6 3. c4 e6 4. Nc3 c6 5. Bg5 Be7 6. e3 Nbd7 7. Bd3 0-0 8. Rc1 Re8 9. 0-0 Nf8 10. Ne5 Ng6 11. f4 dxc4 12. Bxc4 Nd5 13. Qf3 Nxe5 14. dxe5 Qb6 15. Nxd5 cxd5 16. Bb3 Bc5 17. Rfe1 Bd7 18. Kh1 Rac8 19. Qg3 Bf8 20. Rcd1 a5 21. Re2 g6 22. h4 Bb5 23. Red2 Bb4 24. Rf2 a4 25. Bc2 Qa5 26. h5 Be1 27. hxg6 fxg6 28. Bxg6 Bxf2 29. Bxh7+ Kf7 30. Qh3 Rg8 31. Qh5+ Kf8 32. Qh6+ Ke8 33. Qxe6+ 1-0

[Event "Eger Tavasz op"]
[Site "Eger"]
[Date "2008.05.02"]
[Round "3"]
[White "Simai, Mate"]
[Black "Kladiva, Imre"]
[Result "1-0"]
[WhiteElo "2107"]
[BlackElo "2000"]
[PlyCount "67"]
[EventDate "2008.05.01"]
[EventType "swiss"]
[EventRounds "7"]
[EventCountry "HUN"]
[SourceTitle "EXT 2011"]
[Source "ChessBase"]
[SourceDate "2010.11.26"]
[SourceVersion "1"]
[SourceVersionDate "2010.11.26"]
[SourceQuality "1"]

1. e4 c5 2. Nf3 d6 3. d4 cxd4 4. Nxd4 Nf6 5. Nc3 Qc7 6. Bg5 Nbd7 7. Qd2 a6 8. 0-0-0 b5 9. f4 b4 10. Nd5 Nxd5 11. exd5 Bb7 12. Re1 Nf6 13. Bxf6 gxf6 14. Qxb4 Bxd5 15. Nf5 Kd8 16. Re3 Rb8 17. Qd4 Be6 18. Rc3 Qb7 19. Nxd6 Qd7 20. Rd3 Rg8 21. Nxf7+ Ke8 22. Qe4 Bf5 23. Nd6+ Qxd6 24. Qxf5 Qb4 25. b3 Bh6 26. g3 Qa3+ 27. Kb1 Kf7 28. Bg2 Rb5 29. Bd5+ Kg7 30. Qg4+ Bg5 31. Bxg8 Ra5 32. Qe6 Qxa2+ 33. Kc1 Qa1+ 34. Kd2 1-0

[Event "HUN-chT2 Maroczy 0708"]
[Site "Hungary"]
[Date "2008.03.30"]
[Round "9"]
[White "Kladiva, Imre"]
[Black "Virag, Csilla"]
[Result "1-0"]
[WhiteElo "2000"]
[BlackElo "1917"]
[PlyCount "171"]
[EventDate "2007.10.14"]
[EventType "team"]
[EventRounds "11"]
[EventCountry "HUN"]
[SourceTitle "EXT 2009"]
[Source "ChessBase"]
[SourceDate "2008.11.26"]
[SourceVersion "1"]
[SourceVersionDate "2008.11.26"]
[SourceQuality "1"]
[WhiteTeam "Fuzesabony"]
[BlackTeam "Teva"]
[WhiteTeamCountry "HUN"]
[BlackTeamCountry "HUN"]

1. e4 e5 2. Nf3 Nc6 3. Bb5 a6 4. Bxc6 dxc6 5. Nc3 f6 6. d3 Bg4 7. Be3 c5 8. h3 Bh5 9. Ne2 Bd6 10. Qd2 Ne7 11. Ng3 Bf7 12. 0-0 Qd7 13. a3 Nc6 14. Nf5 Be6 15. Nxd6+ Qxd6 16. Nh4 g5 17. Nf5 Bxf5 18. exf5 Nd4 19. Bxd4 Qxd4 20. Qe2 0-0-0 21. b4 h5 22. bxc5 Qxc5 23. Rfb1 Qd5 24. Rb4 Rh7 25. Rab1 c6 26. Qe3 c5 27. Rc4 Rc7 28. a4 Rd6 29. a5 Rdc6 30. Qe2 Qf7 31. Rb3 Rd7 32. Rbc3 Rdc7 33. Qe3 Qd5 34. h4 g4 35. Qh6 Qf7 36. g3 Kb8 37. Rb3 Ka7 38. Qc1 Qd7 39. Rbc3 Qxf5 40. Qa3 Qf3 41. Qc1 Ka8 42. d4 Qd5 43. dxe5 Qxe5 44. Re3 Qd5 45. Rce4 c4 46. Qe1 c3 47. Re8+ Ka7 48. Qa1 Rc5 49. Rd3 Qf5 50. Qa3 Rxa5 51. Qf8 Rac5 52. Ra8+ Kb6 53. Rd6+ R5c6 54. Rd4 Qc5 55. Qd8 Qe7 56. Qd5 Rc5 57. Rb4+ Ka5 58. Qb3 Qe1+ 59. Kg2 Qa1 60. Rxb7 Qb2 61. Rxc7 Rxc7 62. Qd5+ Qb5 63. Qa2+ Kb6 64. Rb8+ Rb7 65. Qe6+ Qc6+ 66. Qxc6+ Kxc6 67. Rf8 Rb2 68. Rxf6+ Kb5 69. Rf5+ Kb4 70. Rxh5 Rxc2 71. Rg5 Rd2 72. Rxg4+ Kb3 73. Rg6 a5 74. Rb6+ Ka3 75. h5 Rd5 76. h6 Rh5 77. g4 Rc5 78. Rb1 c2 79. Rh1 c1Q 80. Rxc1 Rxc1 81. h7 Rc8 82. g5 Kb2 83. g6 Rh8 84. g7 Rxh7 85. g8Q Rb7 86. Qd5 1-0

[Event "HUN-chT2 Erkel 0506"]
[Site "Hungary"]
[Date "2005.11.27"]
[Round "4"]
[White "Reznak, Attila"]
[Black "Kladiva, Imre"]
[Result "1-0"]
[WhiteElo "1948"]
[BlackElo "1996"]
[PlyCount "131"]
[EventDate "2005.10.16"]
[EventType "team"]
[EventRounds "11"]
[EventCountry "HUN"]
[SourceTitle "EXT 2009"]
[Source "ChessBase"]
[SourceDate "2008.11.26"]
[SourceVersion "1"]
[SourceVersionDate "2008.11.26"]
[SourceQuality "1"]
[WhiteTeam "Godollo"]
[BlackTeam "Fuzesabony"]
[WhiteTeamCountry "HUN"]
[BlackTeamCountry "HUN"]

1. c4 c6 2. g3 e5 3. Bg2 Nf6 4. Nc3 Bc5 5. Nf3 e4 6. Ng5 d5 7. cxd5 cxd5 8. 0-0 Nc6 9. d3 h6 10. Nh3 0-0 11. Nf4 g5 12. Nh3 Qe7 13. Nxg5 hxg5 14. Bxg5 Be6 15. dxe4 d4 16. Na4 Kg7 17. Qc1 Bd6 18. Bh6+ Kh7 19. Bxf8 Rxf8 20. e3 Rc8 21. exd4 Nxd4 22. Qd2 Nc6 23. b3 b5 24. Nb2 Be5 25. Rac1 Rd8 26. Qg5 Bxb2 27. Rxc6 Rg8 28. Qd2 Be5 29. Rd1 b4 30. f4 Bc7 31. Qc2 Bb6+ 32. Rxb6 axb6 33. e5+ Kg7 34. exf6+ Qxf6 35. Qe4 Rd8 36. Rxd8 Qxd8 37. h3 Qd1+ 38. Kh2 Qd2 39. f5 Bd7 40. Qe5+ Kh7 41. Qf6 Kg8 42. Qd8+ Kg7 43. f6+ Kg6 44. Qxb6 Be6 45. Qa5 Bf5 46. Qa8 Kxf6 47. a4 bxa3 48. Qxa3 Be4 49. Qa1+ Kg6 50. Qf1 Qb2 51. h4 f6 52. Kh1 Bxg2+ 53. Qxg2 Qxb3 54. Kh2 Qd3 55. Qf2 f5 56. Kg2 Qe4+ 57. Qf3 Qe6 58. Qf2 Qe4+ 59. Kh2 Qg4 60. Qd2 Kh5 61. Qb2 Qg6 62. Qh8+ Kg4 63. Qe5 Kf3 64. Qf4+ Ke2 65. Qg5 Qe6 66. h5 1-0

[Event "HUN-chT2 Erkel 0405"]
[Site "Hungary"]
[Date "2004.12.12"]
[Round "5"]
[White "Kladiva, Imre"]
[Black "Nadassy, Attila"]
[Result "0-1"]
[WhiteElo "2025"]
[BlackElo "2114"]
[PlyCount "72"]
[EventDate "2004.09.26"]
[EventType "team"]
[EventRounds "11"]
[EventCountry "HUN"]
[SourceTitle "EXT 2009"]
[Source "ChessBase"]
[SourceDate "2008.11.26"]
[SourceVersion "1"]
[SourceVersionDate "2008.11.26"]
[SourceQuality "1"]
[WhiteTeam "Fuzesabony"]
[BlackTeam "Penzugyor II"]
[WhiteTeamCountry "HUN"]
[BlackTeamCountry "HUN"]

1. e4 d5 2. exd5 Qxd5 3. Nf3 Nf6 4. Nc3 Qd6 5. Be2 c6 6. b3 Bg4 7. a4 Nbd7 8. Ba3 Qc7 9. 0-0 e6 10. b4 Bd6 11. h3 Bh5 12. Re1 h6 13. d4 0-0 14. Bd3 e5 15. g4 exd4 16. Ne2 Bg6 17. Bxg6 fxg6 18. Nexd4 Rfe8 19. Ne6 Qb8 20. Rb1 Ne5 21. Nxe5 Bxe5 22. Nc5 Nd5 23. Nd7 Bh2+ 24. Kh1 Qf4 25. Kg2 Nc3 26. Qd3 Nxb1 27. Rxb1 Rad8 28. Qb3+ Kh7 29. Nc5 Rf8 30. Rf1 Rd1 31. Ne6 Qe4+ 32. Kxh2 Rf3 33. Nf8+ Rxf8 34. Rxd1 Rxf2+ 35. Kg3 Rg2+ 36. Kh4 g5+ 0-1

[Event "HUN-chT2 Erkel 0405"]
[Site "Hungary"]
[Date "2004.09.26"]
[Round "1"]
[White "Kantor, Jozsef"]
[Black "Kladiva, Imre"]
[Result "1-0"]
[WhiteElo "1989"]
[BlackElo "2025"]
[PlyCount "83"]
[EventDate "2004.09.26"]
[EventType "team"]
[EventRounds "11"]
[EventCountry "HUN"]
[SourceTitle "EXT 2009"]
[Source "ChessBase"]
[SourceDate "2008.11.26"]
[SourceVersion "1"]
[SourceVersionDate "2008.11.26"]
[SourceQuality "1"]
[WhiteTeam "Mezokovesd"]
[BlackTeam "Fuzesabony"]
[WhiteTeamCountry "HUN"]
[BlackTeamCountry "HUN"]

1. d4 Nf6 2. c4 e5 3. dxe5 Ng4 4. Bf4 Bc5 5. e3 Nc6 6. Nf3 Qe7 7. Qd5 Nb4 8. Qd2 Nc6 9. Nc3 Bb4 10. a3 Bxc3 11. Qxc3 f6 12. exf6 Nxf6 13. Bd3 0-0 14. 0-0 d6 15. Rfe1 Bg4 16. Nd4 Nh5 17. f3 Bd7 18. Qc2 g6 19. Bh6 Rf7 20. Nxc6 bxc6 21. f4 Re8 22. Rac1 c5 23. Re2 Bg4 24. Ree1 Nf6 25. e4 Bh5 26. h3 Kh8 27. Qc3 Kg8 28. e5 dxe5 29. fxe5 Ng4 30. hxg4 Qh4 31. Rf1 Bxg4 32. Rxf7 Qxh6 33. Rf2 Rd8 34. Be4 Rd4 35. Bd5+ Kh8 36. Rcf1 Bf5 37. e6 Qg7 38. Re1 Qe7 39. Rf4 c6 40. Rxd4 cxd4 41. Qxd4+ Kg8 42. Bxc6 1-0

[Event "HUN-chT2 Erkel 0304"]
[Site "Hungary"]
[Date "2004.01.25"]
[Round "6"]
[White "Rozsa, Sandor"]
[Black "Kladiva, Imre"]
[Result "0-1"]
[WhiteElo "2069"]
[BlackElo "2047"]
[PlyCount "52"]
[EventDate "2003.09.28"]
[EventType "team"]
[EventRounds "11"]
[EventCountry "HUN"]
[SourceTitle "EXT 2009"]
[Source "ChessBase"]
[SourceDate "2008.11.26"]
[SourceVersion "1"]
[SourceVersionDate "2008.11.26"]
[SourceQuality "1"]
[WhiteTeam "Honved II"]
[BlackTeam "Fuzesabony"]
[WhiteTeamCountry "HUN"]
[BlackTeamCountry "HUN"]

1. e4 d5 2. exd5 Nf6 3. Nc3 Nxd5 4. Bc4 c6 5. Qf3 e6 6. Nge2 Bd6 7. d4 Nd7 8. Ne4 Be7 9. c3 0-0 10. Bd2 a5 11. Bd3 f5 12. N4g3 b5 13. h4 g6 14. Nf4 N7b6 15. Nge2 Nc4 16. Bxc4 bxc4 17. Qg3 Rf7 18. h5 g5 19. Nxd5 exd5 20. Bxg5 Bxg5 21. f4 h6 22. fxg5 hxg5 23. 0-0-0 f4 24. Qf2 Bf5 25. h6 Qe7 26. Rde1 Qe4 0-1

[Event "HUN-chT2 Erkel 0304"]
[Site "Hungary"]
[Date "2003.12.07"]
[Round "5"]
[White "Kladiva, Imre"]
[Black "Ponyi, Attila"]
[Result "0-1"]
[WhiteElo "2047"]
[BlackElo "2114"]
[PlyCount "114"]
[EventDate "2003.09.28"]
[EventType "team"]
[EventRounds "11"]
[EventCountry "HUN"]
[SourceTitle "EXT 2009"]
[Source "ChessBase"]
[SourceDate "2008.11.26"]
[SourceVersion "1"]
[SourceVersionDate "2008.11.26"]
[SourceQuality "1"]
[WhiteTeam "Fuzesabony"]
[BlackTeam "Garancia"]
[WhiteTeamCountry "HUN"]
[BlackTeamCountry "HUN"]

1. e4 d5 2. exd5 Nf6 3. Bb5+ Bd7 4. Bc4 Bg4 5. f3 Bf5 6. Nc3 Nbd7 7. Nge2 Nb6 8. Bb5+ Bd7 9. d4 Nfxd5 10. Bxd7+ Qxd7 11. 0-0 g6 12. Ne4 Bg7 13. a4 a5 14. Kh1 0-0 15. b3 Qc8 16. f4 e6 17. Qd3 Nd7 18. Ba3 Re8 19. Rac1 N5f6 20. N2g3 Nxe4 21. Nxe4 Nf6 22. Ng5 Qd7 23. c4 Rad8 24. Rcd1 b6 25. Qe2 Qc6 26. Rfe1 Nh5 27. Qe3 Qd7 28. Nf3 c6 29. Ne5 Qc7 30. Qf3 Bxe5 31. dxe5 c5 32. Bc1 Ng7 33. g4 h5 34. h3 Re7 35. Rxd8+ Qxd8 36. f5 exf5 37. Bg5 hxg4 38. hxg4 fxg4 39. Qxg4 Qd7 40. Qh4 Re6 41. Bf6 Nh5 42. Bg5 Qd4 43. Kg2 Qxh4 44. Bxh4 Nf4+ 45. Kf1 Nd3 46. Re3 Nxe5 47. Bd8 f6 48. Kg2 Kg7 49. Kg3 g5 50. Re1 Kg6 51. Re2 Kf7 52. Bc7 Rc6 53. Bd8 Ke6 54. Re1 Rd6 55. Bc7 Rd3+ 56. Kg2 Rxb3 57. Rd1 Nxc4 0-1

[Event "Fuzesabony op"]
[Site "Fuzesabony"]
[Date "2003.08.09"]
[Round "4"]
[White "Szilagyi, Zsolt"]
[Black "Kladiva, Imre"]
[Result "1-0"]
[WhiteElo "2275"]
[BlackElo "2047"]
[PlyCount "50"]
[EventDate "2003.08.08"]
[EventType "swiss"]
[EventRounds "6"]
[EventCountry "HUN"]
[SourceTitle "EXT 2005"]
[Source "ChessBase"]
[SourceDate "2004.11.15"]
[SourceVersion "1"]
[SourceVersionDate "2004.11.15"]
[SourceQuality "1"]

1. e4 c5 2. Nf3 d6 3. d4 cxd4 4. Nxd4 Nf6 5. Nc3 a6 6. f3 Qc7 7. Be3 Nbd7 8. Qd2 g6 9. 0-0-0 Bg7 10. Bh6 Bxh6 11. Qxh6 Ne5 12. g4 Be6 13. Bh3 b5 14. Nxe6 fxe6 15. g5 b4 16. gxf6 bxc3 17. Bxe6 exf6 18. b3 Qc5 19. Kb1 Ra7 20. Rhf1 g5 21. Ka1 Qe3 22. Rb1 Rf8 23. Bd5 Ng6 24. Bc6+ Kd8 25. b4 Ne5 1-0

[Event "Fuzesabony op"]
[Site "Fuzesabony"]
[Date "2003.08.08"]
[Round "2"]
[White "Braun, Marton"]
[Black "Kladiva, Imre"]
[Result "1-0"]
[WhiteElo "2198"]
[BlackElo "2047"]
[PlyCount "97"]
[EventDate "2003.08.08"]
[EventType "swiss"]
[EventRounds "6"]
[EventCountry "HUN"]
[SourceTitle "EXT 2005"]
[Source "ChessBase"]
[SourceDate "2004.11.15"]
[SourceVersion "1"]
[SourceVersionDate "2004.11.15"]
[SourceQuality "1"]

1. d4 d5 2. c4 e6 3. Nc3 Nf6 4. Bg5 Bb4 5. cxd5 exd5 6. e3 0-0 7. Bd3 Re8 8. Nge2 c6 9. 0-0 h6 10. Bh4 Nbd7 11. a3 Bd6 12. Bg3 Nf8 13. b4 Bg4 14. b5 Ne6 15. Qa4 c5 16. Rac1 c4 17. Bb1 a6 18. f3 axb5 19. Qxb5 Nc7 20. Qxb7 Bc8 21. Qb6 Ra6 22. Qb8 Ne6 23. Bxd6 Rxd6 24. Qb2 Ng5 25. Nd1 g6 26. Qc2 Rb6 27. Qd2 Bd7 28. Qa5 Qb8 29. Bc2 Kg7 30. Nec3 Qb7 31. Rb1 Rxb1 32. Nxb1 h5 33. Qc3 h4 34. Nd2 Qc7 35. Nf2 h3 36. g3 Nh5 37. f4 Qd6 38. e4 Nxf4 39. gxf4 Qxf4 40. Nh1 Qg4+ 41. Qg3 Qh5 42. e5 c3 43. Bd1 Qh6 44. Qxc3 Rc8 45. Qe3 Rc1 46. Nf3 Rxd1 47. Rxd1 Qh5 48. Qxg5 Qxf3 49. Qf6+ 1-0

[Event "HUN-chT2 Erkel 0203"]
[Site "Hungary"]
[Date "2003.02.16"]
[Round "7"]
[White "Kormos, Andras"]
[Black "Kladiva, Imre"]
[Result "1-0"]
[WhiteElo "2034"]
[BlackElo "2044"]
[PlyCount "95"]
[EventDate "2002.09.22"]
[EventType "team"]
[EventRounds "11"]
[EventCountry "HUN"]
[SourceTitle "EXT 2009"]
[Source "ChessBase"]
[SourceDate "2008.11.26"]
[SourceVersion "1"]
[SourceVersionDate "2008.11.26"]
[SourceQuality "1"]

1. e4 c5 2. Nf3 d6 3. d4 cxd4 4. Nxd4 Nf6 5. Nc3 a6 6. h3 Qc7 7. Be3 Nbd7 8. Qd2 e6 9. g4 Ne5 10. 0-0-0 b5 11. g5 Nfd7 12. f4 Nc4 13. Qf2 Bb7 14. Bd3 Rc8 15. Nce2 Nc5 16. Ng3 d5 17. e5 Qa5 18. Kb1 Qb4 19. Bxc4 dxc4 20. Bd2 Qa4 21. Rhe1 b4 22. f5 b3 23. cxb3 cxb3 24. Nxb3 Nd3 25. Qb6 Bd5 26. Rf1 Bc5 27. Qa5 Bxb3 28. axb3 Qxb3 29. Qa2 Qxa2+ 30. Kxa2 exf5 31. Nxf5 0-0 32. Be3 Nb4+ 33. Kb3 a5 34. Nd6 Bxd6 35. exd6 Nc6 36. d7 Rc7 37. Rd6 Rb8+ 38. Ka2 Nd8 39. Rfd1 Rcb7 40. R1d2 g6 41. Bf4 Rb4 42. Be5 Ra4+ 43. Kb1 Re4 44. Bf6 a4 45. R6d3 Re6 46. Rc2 Ra6 47. Rc8 Raa8 48. Re3 1-0

[Event "Sakktoto op 19th"]
[Site "Fuzesabony"]
[Date "2002.03.17"]
[Round "6"]
[White "Nagy Dani, Karoly"]
[Black "Kladiva, Imre"]
[Result "0-1"]
[WhiteElo "2050"]
[BlackElo "2067"]
[PlyCount "104"]
[EventDate "2002.03.??"]
[EventType "swiss"]
[EventRounds "7"]
[EventCountry "HUN"]
[SourceTitle "EXT 2004"]
[Source "ChessBase"]
[SourceDate "2003.11.25"]
[SourceVersion "1"]
[SourceVersionDate "2003.11.25"]
[SourceQuality "1"]

1. Nf3 Nc6 2. d4 d5 3. c4 e6 4. Nc3 Nf6 5. b3 Bb4 6. Bd2 dxc4 7. bxc4 Nxd4 8. Nxd4 Qxd4 9. Qa4+ Bd7 10. Qxb4 Ne4 11. Be3 Qxc3+ 12. Qxc3 Nxc3 13. Bd4 Ne4 14. Bxg7 Rg8 15. Bd4 c5 16. Be3 b6 17. f3 Nd6 18. Rc1 e5 19. Bd2 f5 20. Kf2 Ke7 21. e3 Be6 22. Rc2 Rad8 23. Bc1 Bf7 24. g3 Rg6 25. Be2 Rdg8 26. Bb2 Ke6 27. Rd2 f4 28. exf4 exf4 29. g4 h5 30. Re1 Ke7 31. Be5 hxg4 32. Bxf4 Re6 33. Bf1 Nf5 34. Rxe6+ Bxe6 35. Re2 Kf7 36. Re4 Nd4 37. fxg4 Rxg4 38. Bh3 Rh4 39. Bxe6+ Nxe6 40. Kg3 Rh8 41. Re2 Nxf4 42. Kxf4 Rh4+ 43. Ke5 Rxc4 44. Kd5 Rd4+ 45. Kc6 Kf6 46. Rg2 Ke5 47. h3 Rd3 48. Rh2 c4 49. h4 Kd4 50. h5 c3 51. h6 Rd2 52. Rh1 c2 0-1

[Event "Sakktoto op 19th"]
[Site "Fuzesabony"]
[Date "2002.03.15"]
[Round "2"]
[White "Somodi, Balazs"]
[Black "Kladiva, Imre"]
[Result "1-0"]
[WhiteElo "2132"]
[BlackElo "2067"]
[PlyCount "63"]
[EventDate "2002.03.??"]
[EventType "swiss"]
[EventRounds "7"]
[EventCountry "HUN"]
[SourceTitle "EXT 2004"]
[Source "ChessBase"]
[SourceDate "2003.11.25"]
[SourceVersion "1"]
[SourceVersionDate "2003.11.25"]
[SourceQuality "1"]

1. d4 Nf6 2. c4 e6 3. Nf3 Bb4+ 4. Nbd2 c5 5. a3 Qa5 6. e3 d5 7. Be2 Nc6 8. 0-0 Bxd2 9. Bxd2 Qc7 10. dxc5 dxc4 11. Bxc4 0-0 12. b4 e5 13. Bc3 Bg4 14. Be2 Rfd8 15. Qc2 Nd5 16. Bb2 a6 17. Rad1 Rd7 18. Rd2 Rad8 19. Ng5 Nf6 20. Rxd7 Qxd7 21. Bc4 Bh5 22. f4 exf4 23. Bxf6 Bg6 24. Bxf7+ Kf8 25. Bxg6 gxf6 26. Nf7 Kg7 27. Nxd8 Qxd8 28. Bxh7 fxe3 29. Qg6+ Kh8 30. Qh6 Ne5 31. Bf5+ Kg8 32. Be6+ 1-0

[Event "Infotozsde op 10th"]
[Site "Fuzesabony"]
[Date "2001.09.08"]
[Round "5"]
[White "Acs, Gabor"]
[Black "Kladiva, Imre"]
[Result "1-0"]
[WhiteElo "2176"]
[BlackElo "2130"]
[PlyCount "72"]
[EventDate "2001.09.07"]
[EventType "swiss"]
[EventRounds "7"]
[EventCountry "HUN"]
[SourceTitle "EXT 2004"]
[Source "ChessBase"]
[SourceDate "2003.11.25"]
[SourceVersion "1"]
[SourceVersionDate "2003.11.25"]
[SourceQuality "1"]

1. e4 c5 2. c3 e6 3. d4 d5 4. e5 Nc6 5. Be3 cxd4 6. cxd4 Bb4+ 7. Nc3 Nge7 8. Bd3 Nf5 9. Nf3 h6 10. 0-0 g5 11. g4 Nxe3 12. fxe3 h5 13. h3 hxg4 14. hxg4 Bd7 15. Ne2 f5 16. exf6 Qxf6 17. Ne5 Rh1+ 18. Kxh1 Qh8+ 19. Kg2 Nxe5 20. dxe5 0-0-0 21. Rf6 Be7 22. Qc2+ Kb8 23. Rh1 Bxf6 24. Rxh8 Bxh8 25. Qc5 Bxe5 26. Qe7 Bc7 27. Qxg5 e5 28. Bh7 Bc6 29. Bd3 Rf8 30. Qg7 Bd6 31. Ng3 e4 32. Be2 Re8 33. Nf5 Be5 34. Qg5 Rh8 35. Nd4 Rh2+ 36. Kg1 Kc7 1-0

[Event "Bader Memorial op"]
[Site "Heves"]
[Date "2000.10.21"]
[Round "1.14"]
[White "Kladiva, Imre"]
[Black "Pallagi, Janos"]
[Result "1-0"]
[WhiteElo "2130"]
[BlackElo "1422"]
[PlyCount "77"]
[EventDate "2000.??.??"]
[EventType "swiss"]
[EventRounds "9"]
[EventCountry "HUN"]
[SourceTitle "EXT 2004"]
[Source "ChessBase"]
[SourceDate "2003.11.25"]
[SourceVersion "1"]
[SourceVersionDate "2003.11.25"]
[SourceQuality "1"]

1. Nf3 c5 2. e4 Nc6 3. d4 cxd4 4. Nxd4 a6 5. Bc4 e6 6. Nc3 Nf6 7. Be3 Bb4 8. f3 0-0 9. Qe2 d5 10. Nxc6 bxc6 11. 0-0-0 Qa5 12. Bb3 Bxc3 13. bxc3 dxe4 14. Kb2 Bb7 15. fxe4 Nxe4 16. Rd3 Rab8 17. Bf4 Nc5 18. Rg3 Nxb3 19. axb3 g6 20. Bxb8 Rxb8 21. Rd1 c5 22. Qe5 Rc8 23. Rd7 Qb6 24. Rd6 Qc7 25. Rgd3 Rf8 26. g4 h6 27. Rxe6 Qxe5 28. Rxe5 Rc8 29. Re7 Bc6 30. Rd6 Bb5 31. c4 Be8 32. Rxa6 Kf8 33. Re5 Bd7 34. h3 f5 35. Ra7 Rd8 36. gxf5 gxf5 37. Rxd7 Rxd7 38. Rxf5+ Kg7 39. Rxc5 1-0

[Event "Godal Memorial"]
[Site "Hungary"]
[Date "1999.??.??"]
[Round "1"]
[White "Csendes, Sandor"]
[Black "Kladiva, Imre"]
[Result "1/2-1/2"]
[WhiteElo "1875"]
[BlackElo "2130"]
[PlyCount "71"]
[EventDate "1999.??.??"]
[EventType "swiss"]
[EventRounds "9"]
[EventCountry "HUN"]
[SourceTitle "EXT 2000"]
[Source "ChessBase"]
[SourceDate "1999.11.16"]
[SourceVersion "1"]
[SourceVersionDate "1999.11.16"]
[SourceQuality "1"]

1. d4 Nf6 2. c4 g6 3. Nc3 d5 4. cxd5 Nxd5 5. e4 Nxc3 6. bxc3 c5 7. Nf3 Bg7 8. Bc4 0-0 9. 0-0 Nc6 10. Bb2 Bg4 11. d5 Ne5 12. Be2 Qa5 13. Nxe5 Bxe2 14. Qxe2 Bxe5 15. c4 Qc7 16. Bxe5 Qxe5 17. a4 Rfd8 18. Qe3 Rac8 19. f4 Qd4 20. Qxd4 cxd4 21. Rac1 Rc5 22. Rfd1 Rdc8 23. Rxd4 a6 24. e5 b5 25. axb5 axb5 26. d6 exd6 27. exd6 Rd8 28. d7 Kf8 29. Kf2 bxc4 30. Kf3 c3 31. Rc2 Rc7 32. Kg4 h5+ 33. Kf3 Ke7 34. Re2+ Kf6 35. Rd6+ Kg7 36. Rc2 1/2-1/2

[Event "Godal Memorial"]
[Site "Hungary"]
[Date "1999.??.??"]
[Round "2"]
[White "Kladiva, Imre"]
[Black "Hever, Janos"]
[Result "1-0"]
[WhiteElo "2130"]
[BlackElo "1925"]
[PlyCount "59"]
[EventDate "1999.??.??"]
[EventType "swiss"]
[EventRounds "9"]
[EventCountry "HUN"]
[SourceTitle "EXT 2000"]
[Source "ChessBase"]
[SourceDate "1999.11.16"]
[SourceVersion "1"]
[SourceVersionDate "1999.11.16"]
[SourceQuality "1"]

1. c4 c5 2. Nf3 Nc6 3. Nc3 g6 4. g3 Bg7 5. Bg2 e5 6. 0-0 Nge7 7. d3 0-0 8. e3 d6 9. h3 Be6 10. Ng5 Qd7 11. Nxe6 Qxe6 12. Nd5 Qd7 13. Qa4 Rfd8 14. Rb1 Nxd5 15. cxd5 Nb4 16. Qb3 b6 17. a3 Na6 18. Qc4 Nc7 19. Qh4 Ne8 20. Bd2 Bf6 21. Qc4 Rab8 22. Kh2 Nc7 23. f4 Qb5 24. Qe4 Bg7 25. f5 Ne8 26. fxg6 fxg6 27. a4 Qd7 28. Qh4 Rb7 29. e4 Qxa4 30. Qxd8 1-0